=LDR 00000nam 2200000 4500 =001 INLIS000000000026269 =005 20130612124724 =008 ***********************************Ind** =035 ##$$0010-061300000026269 =041 ##$$a Ind =082 ##$$a 639.754 6 =090 ##$$a 639.754 6, Ruk b =100 ##$$a Rukmana, Rahmat =245 ##$$a Budidaya cacing tanah, Ir. H. Rahmat Rukmana, MBA =260 ##$$a 1999 $b Yogyakarta =300 ##$$a 71 hlm, ilus, 21 cm =650 ##$$a Cacing Tanah-pemeliharaan =850 ##$$a NBPNMAT